Professional ethics, accountability for lawyers and bench-bar relations (Record no. 295972)
[ view plain ]
| 000 -LEADER | |
|---|---|
| fixed length control field | 00519nam a2200205Ia 4500 |
| 003 - CONTROL NUMBER IDENTIFIER | |
| control field | OSt |
| 005 - DATE AND TIME OF LATEST TRANSACTION | |
| control field | 20241004100235.0 |
| 008 - FIXED-LENGTH DATA ELEMENTS--GENERAL INFORMATION | |
| fixed length control field | 240126s9999 xx 000 0 und d |
| 020 ## - INTERNATIONAL STANDARD BOOK NUMBER | |
| International Standard Book Number | 9789388267335 |
| 040 ## - CATALOGING SOURCE | |
| Transcribing agency | 0 |
| 041 ## - LANGUAGE CODE | |
| Language code of text/sound track or separate title | English |
| 082 ## - DEWEY DECIMAL CLASSIFICATION NUMBER | |
| Classification number | 174.954 MAT;1 R |
| 100 ## - MAIN ENTRY--PERSONAL NAME | |
| Personal name | Mathur, D N. |
| 245 #0 - TITLE STATEMENT | |
| Title | Professional ethics, accountability for lawyers and bench-bar relations |
| 250 ## - EDITION STATEMENT | |
| Edition statement | 1st ed. |
| 260 ## - PUBLICATION, DISTRIBUTION, ETC. | |
| Name of publisher, distributor, etc. | Central Law Agency |
| Place of publication, distribution, etc. | Prayagraj |
| 300 ## - PHYSICAL DESCRIPTION | |
| Extent | xlvi, 503 |
| 440 ## - SERIES STATEMENT/ADDED ENTRY--TITLE | |
| Title | NULL |
| 942 ## - ADDED ENTRY ELEMENTS (KOHA) | |
| Koha item type | Law Books |
| Source of classification or shelving scheme | Dewey Decimal Classification |
| Date last seen | Total checkouts | Full call number | Accession number | Date due | Volume/Issue Number | Date last checked out | Cost, total (INR) price | Price effective from | Category | Lost status | Source of classification or shelving scheme | Damaged status | Department | Withdrawn status | Home library | Current library | Shelving location | Entry date | Vendor | Coded location qualifier | Cost, normal purchase price | Grants | Billnumber | Currency symbol | Conversion rate | Discount | Total renewals |
|---|---|---|---|---|---|---|---|---|---|---|---|---|---|---|---|---|---|---|---|---|---|---|---|---|---|---|---|
| 06/05/2026 | 2 | 174.954 MAT;1 R | LL2874 | 20/05/2026 | (11/07/1905) | 06/05/2026 | 304.20 | 26/01/2024 | Law Books | Dewey Decimal Classification | LAW | Law Library | Law Library | 09/10/2023 | MPP House | LL-1 | 390.00 | Law | 662 | RS | 1 | 22 | |||||
| 04/02/2025 | 1 | 174.954 MAT;2 R1 | LL2875 | (11/07/1905) | 07/01/2025 | 304.20 | 26/01/2024 | Law Books | Dewey Decimal Classification | LAW | Law Library | Law Library | 09/10/2023 | MPP House | LL-1 | 390.00 | Law | 662 | RS | 1 | 22 | 1 |
